Irish Rugby - Most Dropped Goals - Statistics

General Stats
  • This quiz has been taken 61 times
  • The average score is 3 of 8
Answer Stats
Years Played Dropped Goals Player % Correct
2000-2013 15 Ronan O'Gara
100%
1999-2014 5 Brian O'Driscoll
73%
1996-2005 8 David Humphreys
65%
1976-1984 7 Ollie Campbell
43%
1964-1979 6 Mike Gibson
25%
1982-1991 6 Michael Kiernan
23%
1969-1976 6 Barry McGann
3%
1910-1920 7 Dickie Lloyd
0%
No matching quizzes found
Score Distribution
Percent of People with Each Score
Percentile by Number Answered
Your Score History
You have not taken this quiz